Токсичные и вредные вещества; Вредные вещества. Классификация и общие требования безопасности; ГОСТ 12.3.007-76; Принципы гигиенического регламентирования химических соединений; Контролируемые показатели химических соединений в воздухе, воде, почве и продуктах питания; Отравления бытовые и профессиональные. Отравления у детей; Санитарные правила при работе со ртутью, ее соединениями и приборами с ртутным заполнением; Информационно-методическое письмо о гигиенических мероприятиях и оценке риска для здоровья населения в очагах загрязнения ртутью жилых и общественных зданий
| Erakunde egilea: | |
|---|---|
| Hizkuntza: | errusiera |
| Argitaratua: |
Москва, 1993
|
| TOC: | Вредные вещества. Классификация и общие требования безопасности; ГОСТ 12.3.007-76; Принципы гигиенического регламентирования химических соединений; Контролируемые показатели химических соединений в воздухе, воде, почве и продуктах питания; Отравления бытовые и профессиональные. Отравления у детей; Министерство здравоохранения СССР, Санитарные правила при работе со ртутью, ее соединениями и приборами с ртутным заполнением; Министерство здравоохранения СССР, Главное управление эпидемиологии и гигиены, Информационно-методическое письмо о гигиенических мероприятиях и оценке риска для здоровья населения в очагах загрязнения ртутью жилых и общественных зданий; |
| Saila: | Серия 1 |
| Gaiak: | |
| Formatua: | MixedMaterials Liburua |
| KOHA link: | https://koha.lib.tpu.ru/cgi-bin/koha/opac-detail.pl?biblionumber=40094 |
MARC
| LEADER | 00000nam0a2200000 4500 | ||
|---|---|---|---|
| 001 | 40094 | ||
| 005 | 20231031012102.0 | ||
| 035 | |a (RuTPU)RU\TPU\book\41071 | ||
| 090 | |a 40094 | ||
| 100 | |a 20020423d1993 km y0rusy50 ca | ||
| 101 | 0 | |a rus | |
| 102 | |a RU | ||
| 105 | |a y lz 000zy | ||
| 200 | 1 | |a Токсичные и вредные вещества |v [Вып. 12] | |
| 210 | |a Москва |d 1993 | ||
| 215 | |a 199 с. | ||
| 225 | 1 | |a Серия 1 | |
| 464 | |t Вредные вещества. Классификация и общие требования безопасности |p с. 2-7. | ||
| 464 | |t ГОСТ 12.3.007-76 |p с. 8-42. | ||
| 464 | |t Принципы гигиенического регламентирования химических соединений |p с. 43-77. | ||
| 464 | |t Контролируемые показатели химических соединений в воздухе, воде, почве и продуктах питания |p с. 78-149. | ||
| 464 | |t Отравления бытовые и профессиональные. Отравления у детей |p с. 150-184. | ||
| 464 | |t Санитарные правила при работе со ртутью, ее соединениями и приборами с ртутным заполнением |f Министерство здравоохранения СССР |p с. 185-198. |s Общесоюзные санитарно-гигиенические и санитарно-противоэпидемические правила и нормы | ||
| 464 | |t Информационно-методическое письмо о гигиенических мероприятиях и оценке риска для здоровья населения в очагах загрязнения ртутью жилых и общественных зданий |f Министерство здравоохранения СССР, Главное управление эпидемиологии и гигиены | ||
| 610 | 1 | |a токсичные вещества | |
| 610 | 1 | |a вредные вещества | |
| 610 | 1 | |a классификация | |
| 610 | 1 | |a безопасность | |
| 610 | 1 | |a требования | |
| 610 | 1 | |a стандарты | |
| 610 | 1 | |a химические соединения | |
| 610 | 1 | |a отравления | |
| 610 | 1 | |a отравляющие вещества | |
| 610 | 1 | |a ртуть | |
| 675 | |a 628.512 |v 3 | ||
| 712 | 0 | 2 | |a Промэкознание |2 stltpush |3 (RuTPU)RU\TPU\col\447 |
| 801 | 1 | |a RU |b 63413507 |c 20020423 |g PSBO | |
| 801 | 2 | |a RU |b 63413507 |c 20060814 |g PSBO | |
| 942 | |c BK | ||